000
00329nam a22001217a 4500
005
20250821094832.0
008
250821b |||||||| |||| 00| 0 eng d
082
_a
005
_b
NEP-S
100
_a
Nepal, Paris, and Georgakopoulos (Ed.)
245
_a
Social Media for Government Services
650
_a
Computer Science & IT
999
_c
37053
_d
37053